00983nam a2200229 a 4500001001000000005001700010008004100027020001500068041000800083044000700091050002100098100004100119245011800160260004000278300006800318500010800386500010300494500004200597500004400639650003900683651003100722BRCA_375820190320204419.0810403r18581988mx-h---###---#000-0#spa-# a968842157X aspa amx 4aG1545b.G37 19881 aGarcía y Cubas, Antoniod1832-191210aAtlas geográfico, estadístico e histórico de la República Mexicanacformado por Antonio García y Cubas. aMéxicobPorrúa : BANOBRASc1988 a1 v. (en varias paginaciones)bil., 33 láminas, mapasc56 cm. aFacsímil de: Antonio García y Cubas. México: Imprenta de José Mariano Fernández de Lara, 1858 aIncluye noticia de minerales y fincas rústicas y un suplemento: atlas de la República Mexicana aColección Sonia Corcuera de Mancera aPor su formato NO se presta a domicilio14aCartografíaySiglo XIXzMéxico 4aMéxicovMapasySiglo XIX